Entry Personal Name
Number of records used in: 1
001 - CONTROL NUMBER
003 - CONTROL NUMBER IDENTIFIER
005 - DATE AND TIME OF LATEST TRANSACTION
- control field:
20250904143329.0
008 - FIXED-LENGTH DATA ELEMENTS
- fixed length control field:
250904|| aca||aabn | a|a d
040 ## - CATALOGING SOURCE
- Original cataloging agency:
JRU
- Transcribing agency:
JRU
100 ## - HEADING--PERSONAL NAME
- Personal name:
GEDAM, PROF SHWETA S
670 ## - SOURCE DATA FOUND
- Source citation:
Work cat.: (JRU)8790: GEDAM, PROF SHWETA S., TEXTBOOK OF SOCIAL PHARMACY :Exclusively prepare for D PHARM [1ST YEAR STUDENTS] , 2025